000 00301nam a2200121Ia 4500
008 190216s9999||||xx |||||||||||||| ||und||
100 _aViswanathan B
245 0 _aStructure And Properties Of Solid State Meterials
260 _bNarosa Pubs House
300 _a131
650 _aChemistry
942 _cBK
999 _c3349
_d3349